[Event "New York State-ch 138th"]
[Site "Colonie"]
[Date "2016.09.03"]
[Round "1"]
[White "Paciorkowski, Lev"]
[Black "Slomski, Matt"]
[Result "1-0"]
[WhiteElo "2294"]
[BlackElo "2129"]
[PlyCount "79"]
[EventDate "2016.09.02"]
[EventType "swiss"]
[EventRounds "6"]
[EventCountry "USA"]
[SourceTitle "CBM 174 Extra"]
[Source "ChessBase"]
[SourceDate "2016.10.10"]
[SourceVersion "1"]
[SourceVersionDate "2016.10.10"]
[SourceQuality "1"]

1. d4 e6 2. c4 d5 3. Nf3 c6 4. g3 dxc4 5. Bg2 b5 6. 0-0 Nd7 7. Nc3 Bb7 8. a4 b4 9. Ne4 c5 10. Ne5 Nxe5 11. dxe5 Bd5 12. Bg5 Qc7 13. Nd6+ Bxd6 14. exd6 Qb7 15. e4 Bc6 16. Qc2 f6 17. Be3 Qa6 18. Bxc5 Rb8 19. Rfd1 e5 20. Bf1 b3 21. Qxc4 Qxc4 22. Bxc4 Bxe4 23. d7+ Kd8 24. Bf8 Ne7 25. Bxg7 Rg8 26. Bxf6 Rg4 27. Bxe5 Ra8 28. h3 Rg6 29. Bc3 a5 30. Rd4 Bc6 31. Bxb3 Bxd7 32. Rad1 Ra7 33. Bxa5+ Ke8 34. Bb4 Nc6 35. Re4+ Kd8 36. Bc3 Kc8 37. Rh4 Bf5 38. Rh5 Be4 39. Re1 Bf3 40. Rf5 1-0

[Event "New York State-ch 136th"]
[Site "Albany"]
[Date "2014.09.01"]
[Round "5"]
[White "Slomski, Matt"]
[Black "Glasser, Abraham"]
[Result "1-0"]
[WhiteElo "2079"]
[BlackElo "1987"]
[PlyCount "99"]
[EventDate "2014.08.29"]
[EventType "swiss"]
[EventRounds "6"]
[EventCountry "USA"]
[SourceTitle "CBM 162 Extra"]
[Source "ChessBase"]
[SourceDate "2014.10.17"]
[SourceVersion "1"]
[SourceVersionDate "2014.10.17"]
[SourceQuality "1"]

1. Nf3 Nf6 2. c4 c6 3. e3 d5 4. d4 e6 5. Bd3 Be7 6. 0-0 0-0 7. Nbd2 Nbd7 8. Qc2 h6 9. b3 Re8 10. Bb2 Bd6 11. Ne5 Nf8 12. f4 N6d7 13. e4 f6 14. Nxd7 Bxd7 15. e5 Bc7 16. g4 fxe5 17. fxe5 Qg5 18. h3 c5 19. Nf3 Qe7 20. dxc5 Qxc5+ 21. Bd4 Qa5 22. Nh4 Rad8 23. c5 Qb4 24. Qf2 Re7 25. Bc2 Bb5 26. a3 Qa5 27. b4 Qa6 28. Rfe1 b6 29. a4 Bc4 30. b5 Qb7 31. c6 Qc8 32. Re3 a6 33. Rb1 Qb8 34. Rf3 Ree8 35. Qe3 Re7 36. Rb2 axb5 37. axb5 Rde8 38. Bb1 Qd8 39. Qf2 Bb8 40. Bxb6 Bc7 41. Bd4 Qb8 42. Qe3 Bxb5 43. Bd3 Qa8 44. Bxb5 Qa1+ 45. Rf1 Qa5 46. Bd3 Qa4 47. Bc5 Rf7 48. Rxf7 Kxf7 49. Rf2+ Kg8 50. Qf3 1-0